La Inseguridad pública y la (in)eficiencia policial

Guardat en:
Dades bibliogràfiques
Format: Text
Matèries:
Etiquetes: Afegir etiqueta
Sense etiquetes, Sigues el primer a etiquetar aquest registre!

MARC

LEADER 00000 a a2200000 04500
001 6791
003
040
245 |a La Inseguridad pública y la (in)eficiencia policial  
650 |a PRESIDENCIA  
650 |a PRENSA  
650 |a POLITICA  
650 |a TIPOS DE PROBLEMAS SOCIALES  
650 |a SEGURIDAD CIUDADANA  
650 |a EL SALVADOR  
773 |g volumen 27, número 1216; páginas 4-5  
999 |c 40186  |d 40186